| 000 | 00514nam a2200205Ia 4500 | ||
|---|---|---|---|
| 005 | 20250508164345.0 | ||
| 008 | 008 250505s9999 xx 000 0 hin d | ||
| 037 | _aReference | ||
| 040 |
_aFEDL _beng _cFEDL |
||
| 041 |
_ahin _2hin |
||
| 084 |
_a500, EKL/RR _qFEDL |
||
| 245 | 0 | _aBal- vaigyanik, kaksha - 7 | |
| 250 | _a3 | ||
| 260 |
_aBhopal, India _bEklavya _c2002 |
||
| 300 | _a229p | ||
| 365 |
_aINR _b30 |
||
| 650 | _aScience | ||
| 942 |
_cREF _h500, EKL/RR |
||
| 999 |
_c1388711 _d1388711 |
||